| 000 | 00808nam a2200205Ia 4500 | ||
|---|---|---|---|
| 003 | OSt | ||
| 005 | 20210908115155.0 | ||
| 008 | 210310s1978 ck ab gr 000 0 spa d | ||
| 040 |
_aCO-JMCR _cCO-JMCR |
||
| 041 | 0 | _aspa | |
| 082 | 0 | 4 |
_a338.19 / _bD419d _223 |
| 110 | 2 |
_aDepartamento Nacional de Planeación _eautor _91612 |
|
| 245 | 1 | 0 |
_aDRI : _bpor primera vez un plan que toma en cuenta la realidad del campesino minifundista, de su familia, de su finca, y de su vereda _cDepartamento Nacional de Planeación |
| 260 |
_aBogotá : _bDepartamento Nacional de Planeación, _c1978. |
||
| 300 |
_a37 páginas : _bilustraciones a color ; _c22 x 22 cm. |
||
| 650 | 1 | 4 |
_aRealidad campesina _zColombia _940155 |
| 650 | 2 | 4 |
_aCreación de empleo _940156 |
| 650 | 2 | 4 |
_aCapacitar al campesino _940157 |
| 942 |
_2ddc _cBK |
||
| 999 |
_c12396 _d12396 |
||